Fr. Conceicao Rodrigues College of Engineering

Borland C++ Handbook (Record no. 34905)

MARC details
000 -LEADER
fixed length control field 00305nam a2200133Ia 4500
100 ## - MAIN ENTRY--PERSONAL NAME
Personal name Pappas/C.H/ Murray/W.H
245 ## - TITLE STATEMENT
Title Borland C++ Handbook
260 ## - PUBLICATION, DISTRIBUTION, ETC.
Name of publisher, distributor, etc. Osborne Mc graw Hill
Place of publication, distribution, etc. New Delhi
Date of publication, distribution, etc. 1991
300 ## - PHYSICAL DESCRIPTION
Extent 875
546 ## - LANGUAGE NOTE
Language note ENGLISH
654 ## - SUBJECT ADDED ENTRY--FACETED TOPICAL TERMS
Focus term Borland C++ handbook
942 ## - ADDED ENTRY ELEMENTS (KOHA)
Koha item type BOOK
Holdings
Withdrawn status Lost status Damaged status Not for loan Collection Home library Current library Shelving location Date acquired Cost, normal purchase price Total Checkouts Full call number Barcode Date last seen Cost, replacement price Price effective from Koha item type
        CRC Fr. Agnel's C.Rodrigues College of Engineering Fr. Agnel's C.Rodrigues College of Engineering   17/03/2023 135.00   6413 17/03/2023 135.00 17/03/2023 BOOK